000 00681nam a2200229 a 4500
001 20000
003 CO-ViMGA
008 141112s2004 ck r 000 u spa d
020 _a9589393950
040 _aCO-ViMGA
_bspa
_cCO-ViMGA
082 0 4 _a708.986 D651d
100 1 _aMuseo de Antioquia,
_929037
245 1 0 _aDonación Botero
250 _a2
260 _aMedellín :
_bVillegas Editores,
_c2000
300 _a195 p. fotos
590 _aForma de adquisición : Premio Mincultura
650 1 4 _aBOTERO, FERNANDO, 1932 - TRABAJOS PICTOGRAFICOS
_929038
650 1 4 _aESCULTURA MONUMENTAL - COLOMBIA
_929039
650 1 4 _aPINTURA MODERNA - COLOMBIA
_99044
942 _2ddc
_cBK
999 _c29119
_d29119